|
|
|
|
| LEADER |
00000nab a2200000uu 4500 |
| 001 |
vtls011148229 |
| 003 |
SK-MaSNL |
| 005 |
20260303104545.0 |
| 008 |
230121|1991 xo |||||||||||||||||slo| |
| 015 |
|
|
|a SNBRB
|
| 035 |
|
|
|a (urnnbn)urn:nbn:sk:snk:ar-a09xao
|
| 035 |
|
|
|a (uuid)04af59bc-e946-4723-8c2e-f7c0add46a55
|
| 035 |
|
|
|a urn:nbn:sk:snk-abaydy
|
| 040 |
|
|
|a SNKBUCL
|b slo
|c SNKBUCL
|e AACR2
|
| 041 |
0 |
|
|a slo
|
| 044 |
|
|
|a xo
|c SK
|
| 100 |
1 |
|
|a Kmeť, Pavel
|4 aut
|9 1119111
|
| 245 |
1 |
0 |
|a Hydrogeologický prieskum v rokoch 1986 - 1990
|c Pavel Kmeť, Vendelín Bátory
|
| 700 |
1 |
|
|a Bátory, Vendelín
|4 aut
|9 1119124
|
| 773 |
0 |
|
|t Vodohospodársky spravodajca
|g Roč. 34, č. 10 (1991), s. [283]-287
|
| 954 |
|
|
|a odborná, vedecká literatúra pôvodná (slovenská)
|2 lita
|
| 958 |
|
|
|a OND
|
| 958 |
|
|
|a EUIPO
|
| 958 |
|
|
|a article14
|
| 999 |
|
|
|c 1857310
|d 1859240
|